Noms des élèves Hogwarts Legacy (Français) - Statistiques

Statistiques générales
  • Ce quiz a été pris 112 fois
  • Le résultat moyen est 7 sur 15
Statistiques - réponses
Prénom ou nom Nom ou prénom % Correct
Ominis Gaunt
94%
Sebastian Pallow
93%
Natsai Onai
82%
Garreth Weasley
79%
Imelda Reyes
68%
Poppy Sweeting
62%
Léandre Prewett
52%
Adélaïde Duchêne
49%
Amit Thakkar
30%
Everett Clopton
26%
Samantha Dale
26%
Lucan Brattleby
23%
Cressida Blume
15%
Nerida Roberts
13%
Sophronia Franklin
11%
Aucun quiz correspondant
Distribution des résultats
% des personnes avec chaque résultat
Percentile par nombre de réponses
Votre historique - résultats
Vous n’avez pas pris ce quiz